000 02085nmc a2200601 a 4500
003 AR-BaBNM
005 20251128204748.0
008 136119s1993 ||||||||||||||000 | spa||
020 _a84-395-2202-9
040 _cAR-BaBNM
100 1 _aGramsci, Antonio
245 1 0 _aLa política y el estado moderno
260 _aBarcelona
_bPlaneta-Agostini
_c1993
300 0 _a207 p.
490 0 _aObras maestras del pensamiento contemporáneo
_vv. 34
500 1 _aEsta edición es una antología de "Il materialismo storico e la filosofia di Benedetto Crocce" y de "Note sul Macchiavelli, sulla politica e sullo stato moderno"; fueron editados por primera vez en 1949, en Turín
500 1 _aForma parte de la obra escrita por Gramsci durante su larga prisión en Italia, durante el régimen fascista de Benito Mussolini
600 1 4 _aHegel, Georg Wilhelm Friedrich
600 1 4 _aMaquiavelo, Nicolás
600 1 4 _aMarx, Karl
_d1818-1883
600 1 4 _aCroce, Benedetto
600 1 4 _aBujarin, Nicolás
600 1 4 _aBrunschvicg, León
600 1 4 _aTolstoi, Lev Nikolaevich
_d1828-1910
600 1 4 _aGoethe, Johann Wolfgang von
600 1 4 _aKant, Immanuel
600 1 4 _aLimentani, Ludovico
600 1 4 _aProudhon, Pierre-Joseph
_d1809-1865
600 1 4 _aTrotsky, Leon
_d1879-1940
600 1 4 _aLuxemburgo, Rosa
600 1 4 _aEngels, Friedrich
600 1 4 _aLenin, Vladimir Ilich
_d1870-1924
650 4 _aMARXISMO
650 4 _aTEORIA POLITICA
650 4 _aDOCTRINAS POLITICAS
650 4 _aMATERIALISMO HISTORICO
650 4 _aESCUELAS FILOSOFICAS
650 4 _aMATERIALISMO DIALECTICO
650 4 _aIDEALISMO FILOSOFICO
650 4 _aFILOSOFIA DEL DERECHO
650 4 _aSOCIALISMO
650 4 _aMOVIMIENTO OBRERO
650 4 _aESTRATEGIA MILITAR
650 4 _aPOSITIVISMO
653 0 _aJESUITAS
653 0 _aECONOMIA POLITICA
700 1 _aSolé-Tura, Jordi
_etraductor
710 2 _aInstituto Gramsci
800 1 _aAlegre, Antonio
_edirector
800 1 _aBermudo, José Manuel
_edirector
942 _cBK
998 _cenrique
999 _c8721
_d8721